| 000 | 01216nam a2200337Ia 4500 | ||
|---|---|---|---|
| 005 | 20220317001812.0 | ||
| 008 | 170328s2015 mx g 000 0 spa | ||
| 020 | _a9789681683726 | ||
| 041 | _aspa | ||
| 082 | 0 | 4 |
_a302 _bB18a |
| 100 | 1 |
_aBauman, Zygmunt _d1925- |
|
| 245 | 1 | 0 |
_aAmor líquido _bacerca de la fragilidad de los vínculos humanos _cZygmunt Bauman ; traducción de Mirta Rosenberg y Jaime Arrambide |
| 250 | _aPrimera edición | ||
| 264 |
_aMéxico _bFondo de Cultura Económica _c2015 |
||
| 300 |
_a203 páginas _c21 cm. |
||
| 336 |
_atexto _btxt _2rdacontent |
||
| 337 |
_asin mediación _bn _2rdamedia |
||
| 338 |
_avolumen _bnc _2rdacarrier |
||
| 490 | _aSociología | ||
| 500 | _aIncluye datos biográficos del autor en la solapa | ||
| 521 | _aRecomendado desde los 15 años | ||
| 534 | _tLiquid love : on the Frailty of Human Bonds | ||
| 650 | 1 | 4 |
_2LEMB _aAmor _xAspectos sociales |
| 650 | 1 | 4 |
_2LEMB _aGlobalización _xAspectos sociales |
| 650 | 1 | 4 |
_2LEMB _aRelaciones humanas |
| 650 | 1 | 4 |
_2LEMB _aRelaciones interpersonales |
| 700 | 1 |
_aRosenberg, Mirta _etraductora _9105671 |
|
| 700 | 1 |
_aArrambide, Jaime _etraductor _9105672 |
|
| 942 |
_2ddc _cBK |
||
| 040 |
_aCO-BoRNBP _bspa _erda _cCO-BoRNBP |
||
| 999 |
_c8145 _d8145 |
||